| 000 | 00000nam##2200000za#4500 |
| 001 | 9.603121 |
| 003 | CaOODSP |
| 005 | 20210624210919 |
| 007 | cr ||||||||||| |
| 008 | 150406|1997||||xxc|||||o f|0| 0 fre|d |
| 040 | |aCaOODSP|bfre |
| 043 | |an-cn--- |
| 086 | 1 |aR34-6/2-1997F-PDF |
| 110 | 1 |aCanada.|bAffaires indiennes et du Nord. |
| 245 | 10|aLes membres des Premières nations du Canada : |h[ressource électronique]|bquelques réalités intéressantes sur le Canada |
| 260 | |aOttawa - Ontario : |bAffaires indiennes et du Nord |c1997. |
| 300 | |a5p.|bill. |
| 490 | 1 |aInformation |
| 500 | |a«Activités pour les élèves de 5e et 6e année»--p.4 de 5. |
| 590 | |a12-09-Supp|b2012-03-21 |
| 691 | 07|aAutochtones|2gcpds |
| 691 | 07|aToponymie|2gcpds |
| 775 | 08|tFirst Nations people of Canada : |w(CaOODSP)9.572871 |
| 776 | 0#|tLes membres des Premières nations du Canada |w(CaOODSP)9.624626 |
| 830 | #0|aInformation.|w(CaOODSP)9.500903 |
| 856 | 40|ahttp://publications.gc.ca|qPDF|s163 Ko|uhttps://publications.gc.ca/collections/Collection/R34-6-2-1997F.pdf |
| 986 | |aQS-6120-002-FF-A1 |